00181nam a2200073Ia 4500008004100000082002100041100001500062245003000077210430s9999 xx 000 0 und d a658.4092 H4322 R aJoe Healey aRadical TrustcJoe Healey